000 00337nam a2200133Ia 4500
008 240624s9999 xx 000 0 und d
041 _aeng
082 _a658.5 KLA
100 _aKLASSEN ROBERT D
245 _aCASES IN OPERATIONS MANAGEMENT BUILDING
260 _c2006
_aNew Delhi
_bSage
300 _ax, 425 p.; 23 cm.
365 _c
_b32
999 _c29871
_d29871